| 000 | 00531nam a2200133 a 4500 | ||
|---|---|---|---|
| 008 | 120416s1997 ||||||||||||||||| || u | ||
| 050 | _aTHESIS | ||
| 100 | _aKatyoka, M. M | ||
| 245 | 1 | 0 | _aTaxation and its effects on real property development |
| 246 | _athe case of Ndola | ||
| 260 |
_aKitwe _bCopperbelt University, School of Built Environment, Department of Land Economy _c1997 |
||
| 350 | _a0.00 | ||
| 995 |
_D0.00 _FCBU-MAIN LIBRARY (Kitwe) _H1 _I0.00 _UAVAILABLE _ZUniversity Collection |
||
| 999 |
_c59407 _d59407 |
||